| 000 | 00343nam a2200109Ia 4500 | ||
|---|---|---|---|
| 008 | 171211s9999 xx 000 0 und d | ||
| 245 | _aTastemaker: Elizabeth Gordon, House Beautiful, and the Postwar American Home | ||
| 245 | _cMonica Penick | ||
| 260 | _c2017 | ||
| 650 | _xArchitecture | ||
| 856 | _uhttp://down.ebook777.com/060/0300221762.pdf | ||
| 999 |
_c350032 _d350032 |
||